000
00315nam a22001337a 4500
008
170623b xxu||||| |||| 00| 0 eng d
020
_a
0813379512
041
_a
eng
080
_a
94
100
_a
16
101
_a
SHH
245
_a
CORE/ PERIPHERY RELATIONS IN PRECAPITALIST WORLDS
_c
DUNN,CH.CH
942
_2
udc
_c
BK
999
_c
18898
_d
18898